[Clauer] Cercle d'Amics dels Parcs Naturals
Descripción Física:
1 clauer ; 16 x 4 cm.
Idioma:
Catalán
MARC
| LEADER | 00000nrm a22000007a 4500 | ||
|---|---|---|---|
| 001 | 26385 | ||
| 003 | Arxiu | ||
| 005 | 20260324181138.0 | ||
| 008 | 220802b spa||||| |||| 00| 0 cat d | ||
| 040 | |a agdb |b cat | ||
| 110 | 2 | |a Cercle d'Amics dels Parcs Naturals (Barcelona, Catalunya) |9 54519 | |
| 245 | |a [Clauer] Cercle d'Amics dels Parcs Naturals | ||
| 260 | |a [Barcelona] : |b Diputació de Barcelona ; |c [2017?] | ||
| 300 | |a 1 clauer ; |c 16 x 4 cm. | ||
| 650 | 0 | |a Espais naturals |z Barcelona (Província) |9 40638 | |
| 650 | 0 | |9 54098 |a Objectes publicitaris | |
| 942 | |2 udc |c ARXIU |n 1 | ||
| 952 | |0 0 |1 0 |2 udc |4 0 |6 NBM1466 |7 1 |9 63305 |a Arxiu |b Arxiu |d 2022-08-02 |l 0 |o NBM-14-66 |p 26385 |r 2022-08-02 00:00:00 |w 2022-08-02 |y ARXIU | ||
| 999 | |c 82540 |d 82540 | ||